Social quality and knowledge capital
Odborné kompetencie pracovníka v sociálnej kvalite, jeho základné charakteristiky a znalostné kompetencie. Východiská znalostného kapitálu v sociálnej kvalite. Znalostný kapitál a jeho meranie. Spoločenské posilnenie.
Gespeichert in:
| 1. Verfasser: | |
|---|---|
| Format: | Buchkapitel |
| Sprache: | Englisch |
| Schlagworte: | |
| Tags: |
Keine Tags, Fügen Sie das erste Tag hinzu!
|
MARC
| LEADER | 00000nla a2200000 4500 | ||
|---|---|---|---|
| 001 | 0237419 | ||
| 005 | 20240502103042.8 | ||
| 041 | 0 | |a eng | |
| 044 | |a CZ | ||
| 245 | 1 | 0 | |a Social quality and knowledge capital |c Mária Antalová |
| 520 | |a Odborné kompetencie pracovníka v sociálnej kvalite, jeho základné charakteristiky a znalostné kompetencie. Východiská znalostného kapitálu v sociálnej kvalite. Znalostný kapitál a jeho meranie. Spoločenské posilnenie. | ||
| 610 | 2 | 0 | |a pracovníci |
| 610 | 2 | 0 | |a kvalita sociálna |
| 610 | 2 | 0 | |a kompetencie |
| 610 | 2 | 0 | |a kapitál ľudský |
| 610 | 2 | 0 | |a kapitál intelektuálny |
| 610 | 2 | 0 | |a spoločnosť |
| 610 | 2 | 0 | |a rozvoj sociálno-ekonomický |
| 610 | 2 | 0 | |a kvalita života |
| 100 | 1 | |a Antalová, Mária, 1952- | |